Degradácia hyaluronanu účinkom reaktívnych foriem kyslíka - Štúdium protektívnych účinkov nových liečiv dizertačná práca

Saved in:
Bibliographic Details
Main Author: Baňasová, Mária
Format: Book
Language:Slovak
Published: Bratislava STU FCHPT 2014
Online Access:View in OPAC
Tags: Add Tag
No Tags, Be the first to tag this record!

MARC

LEADER 00000nam a2200000 a 4500
005 20260127134121.0
008 160229 2014 000 0 slo d
035 |a vtls011508706 
039 9 |y 201602291019  |z mschk02 
040 |a STUSCHK1  |b slo  |c STUSCHK1  |e AACR2 
100 1 |a Baňasová, Mária 
245 1 |a Degradácia hyaluronanu účinkom reaktívnych foriem kyslíka - Štúdium protektívnych účinkov nových liečiv  |b dizertačná práca  |c Mária Baňasová 
260 |a Bratislava  |b STU FCHPT  |c 2014 
300 |a 117 s.  |b il.  |c 24 cm 
500 |a Školiace pracovisko: Odd. biochémie a mikrobiológie 
910 |a SCHK95 
999 |c 4446  |d 4446